Statistics for Airlines That Serve Yellowknife (YZF)

Click here to take the quiz!

General Stats

  • This quiz has been taken 5 times
  • The average score is 2 of 6

Answer Stats

CountryAnswer% Correct
CanadaCanadian North
100%
CanadaWestjet Encore
67%
CanadaAir Tindi
33%
CanadaNolinor Aviation
0%
CanadaNorthwestern Air
0%
CanadaNorth-Wright Airways
0%

Score Distribution

Percentile by Number Answered

Percent of People with Each Score

Your Score History

You have not taken this quiz